[Event "4NCL Division 3s"]
[Site "Daventry Court ENG"]
[Date "2015.02.14"]
[Round "5.97"]
[White "Paterson, Andrew"]
[Black "Villiers, Thomas"]
[Result "1-0"]
[WhiteElo "1971"]
[BlackElo "2080"]
[PlyCount "101"]
[EventDate "2015.02.14"]
[WhiteTeam "Warwickshire Select 2"]
[BlackTeam "West is Best 1"]

1. e4 e5 2. Nf3 Nc6 3. Bb5 a6 4. Bc4 Nf6 5. d3 b5 6. Bb3 Be7 7. O-O O-O 8. Re1
d6 9. c3 Bg4 10. h3 Be6 11. Bxe6 fxe6 12. Ng5 Qd7 13. Qb3 Nd8 14. a4 bxa4 15.
Rxa4 Nh5 16. Nf3 Nf4 17. Bxf4 exf4 18. Qa2 Qc8 19. b4 g5 20. Nbd2 h5 21. b5 Nf7
22. Rxa6 e5 23. Rxa8 Qxa8 24. Qe6 Qe8 25. Qg6+ Kh8 26. Qxh5+ Kg7 27. c4 Bf6 28.
Nh2 Rh8 29. Qe2 Qa8 30. Ng4 Nd8 31. Nb3 Qa3 32. Qc2 Ne6 33. Ra1 Qb4 34. Kh2 f3
35. g3 Be7 36. Qd1 Qc3 37. Rc1 Qb2 38. Rb1 Qa2 39. Ra1 Qb2 40. Qb1 Qc3 41. Ne3
Nc5 42. Nxc5 dxc5 43. Ra7 Qd2 44. Ra2 Qb4 45. Qd1 c6 46. Nf5+ Kf6 47. Qxf3 Qe1
48. Nxe7+ Kg7 49. Qf5 g4 50. Qg6+ Kf8 51. Qf6+ 1-0

[Event "4NCL Division 3s"]
[Site "Daventry Court ENG"]
[Date "2015.02.14"]
[Round "5.99"]
[White "Ingram, Keith"]
[Black "Bullen, Alex"]
[Result "1/2-1/2"]
[WhiteElo "2003"]
[BlackElo "2017"]
[PlyCount "121"]
[EventDate "2015.02.14"]
[WhiteTeam "Warwickshire Select 2"]
[BlackTeam "West is Best 1"]

1. e4 c6 2. d3 d5 3. Nd2 e5 4. Ngf3 Bd6 5. g3 Nf6 6. Bg2 O-O 7. O-O Nbd7 8. b3
a5 9. a4 Re8 10. Bb2 Qc7 11. c3 b6 12. Qc2 Ba6 13. Rfe1 Nc5 14. Bf1 Bb7 15. Ba3
dxe4 16. dxe4 Qe7 17. Nc4 Bc7 18. b4 axb4 19. Bxb4 Nfd7 20. Ne3 Qf6 21. Bg2 g6
22. Red1 Red8 23. c4 h5 24. h4 Ne6 25. Bc3 Ndc5 26. a5 Nd4 27. Bxd4 exd4 28.
Qb2 Nxe4 29. axb6 dxe3 30. Qxf6 exf2+ 31. Kf1 Nxg3+ 32. Kxf2 Ne4+ 33. Kf1 Nxf6
34. bxc7 Rxd1+ 35. Rxd1 Rc8 36. Rd8+ Kg7 37. Rxc8 Bxc8 38. Ne5 Ne8 39. Nxc6
Nxc7 40. Kf2 Be6 41. Bf1 Kf6 42. Ke3 Bd7 43. Nd4 Ke5 44. Nf3+ Kd6 45. Ng5 Be6
46. Kd4 f6 47. Ne4+ Ke7 48. Kc5 Bf5 49. Ng3 Bc2 50. Kb6 Ne6 51. c5 Ba4 52. c6
Bxc6 53. Kxc6 Nd4+ 54. Kd5 Nf3 55. Be2 Nxh4 56. Bxh5 Nf5 57. Nxf5+ gxf5 58. Bg6
f4 59. Ke4 f5+ 60. Kxf4 Kd6 61. Bxf5 1/2-1/2

[Event "4NCL Division 3s"]
[Site "Daventry Court ENG"]
[Date "2015.02.14"]
[Round "5.100"]
[White "Richardt, Mike"]
[Black "Hurney, Kevin"]
[Result "1-0"]
[WhiteElo "2022"]
[BlackElo "1956"]
[PlyCount "67"]
[EventDate "2015.02.14"]
[WhiteTeam "West is Best 1"]
[BlackTeam "Warwickshire Select 2"]

1. d4 Nf6 2. c4 g6 3. Nc3 Bg7 4. e4 d6 5. f4 O-O 6. Nf3 c5 7. d5 e6 8. Be2 exd5
9. exd5 Re8 10. O-O a6 11. a4 Nbd7 12. Bd3 b6 13. Bd2 Ng4 14. h3 Ne3 15. Bxe3
Rxe3 16. Qd2 Re8 17. Ne4 Nf6 18. Ng3 Ra7 19. Rae1 Rae7 20. b3 Bd7 21. f5 b5 22.
axb5 axb5 23. fxg6 hxg6 24. Rxe7 Rxe7 25. Qf4 bxc4 26. bxc4 Bc8 27. Ng5 Qc7 28.
Qh4 Re5 29. N3e4 Bf5 30. Nxf6+ Bxf6 31. Qh7+ Kf8 32. Bxf5 Rxf5 33. Rxf5 gxf5
34. Ne6+ 1-0

[Event "4NCL Division 3s"]
[Site "Daventry Court ENG"]
[Date "2015.02.14"]
[Round "5.105"]
[White "Taylor, Dale C"]
[Black "Gostelow, Dave"]
[Result "1/2-1/2"]
[WhiteElo "1961"]
[BlackElo "2036"]
[PlyCount "60"]
[EventDate "2015.02.14"]
[WhiteTeam "e2e4.org.uk 3"]
[BlackTeam "Shropshire"]

1. Nf3 d5 2. c4 Nf6 3. cxd5 Nxd5 4. e4 Nf6 5. Nc3 g6 6. Bc4 c6 7. Qb3 e6 8. a4
Bg7 9. d4 O-O 10. O-O Qb6 11. Qc2 Na6 12. a5 Qc7 13. Bxa6 bxa6 14. e5 Nd5 15.
Ne4 Rb8 16. Nc5 Rb5 17. Bd2 Rd8 18. b3 h6 19. h4 Bf8 20. Rfd1 Bg7 21. Qc4 Kh7
22. g3 Bf8 23. Be1 Bg7 24. Ne4 Bf8 25. Nc5 Bg7 26. Kg2 Bf8 27. Qc2 Kg7 28. Bd2
Be7 29. Qc1 Rh8 30. Qc4 Rd8 1/2-1/2

[Event "4NCL Division 3s"]
[Site "Daventry Court ENG"]
[Date "2015.02.14"]
[Round "5.106"]
[White "Bryant, Richard BE"]
[Black "Goodhead, James W"]
[Result "1-0"]
[WhiteElo "1904"]
[BlackElo "1914"]
[PlyCount "67"]
[EventDate "2015.02.14"]
[WhiteTeam "Shropshire"]
[BlackTeam "e2e4.org.uk 3"]

1. e4 c6 2. Nc3 d5 3. f4 dxe4 4. Nxe4 Nf6 5. Nf2 c5 6. Bc4 g6 7. Nf3 Bg7 8. O-O
Nc6 9. a4 O-O 10. Ra3 Nd5 11. d3 Na5 12. Ba2 Nb4 13. Bb1 Bf5 14. Qe2 Qc7 15.
Re1 c4 16. Qxe7 Qxe7 17. Rxe7 Rfe8 18. Rxe8+ Rxe8 19. Bd2 Nac6 20. Ne5 Nxe5 21.
fxe5 Bxe5 22. Bxb4 Bd6 23. Bc3 Bxa3 24. bxa3 cxd3 25. cxd3 Bd7 26. a5 Bc6 27.
Kf1 f5 28. Ba2+ Kf8 29. Bc4 a6 30. Bd2 Kg7 31. Nd1 Bxg2+ 32. Kf2 Bc6 33. Nc3
Re5 34. Ne2 1-0

[Event "4NCL Division 3s"]
[Site "Daventry Court ENG"]
[Date "2015.02.14"]
[Round "5.108"]
[White "Paul, Nathanael"]
[Black "Flynn, David"]
[Result "1-0"]
[WhiteElo "1910"]
[BlackElo "1856"]
[PlyCount "43"]
[EventDate "2015.02.14"]
[WhiteTeam "Shropshire"]
[BlackTeam "e2e4.org.uk 3"]

1. e4 c5 2. Nf3 Nc6 3. d4 cxd4 4. Nxd4 e5 5. Nb5 d6 6. N1c3 a6 7. Na3 Nf6 8. f3
b5 9. Nd5 Be6 10. c4 bxc4 11. Nxc4 Bxd5 12. exd5 Nd4 13. Be3 Nb5 14. a4 Nc7 15.
Nb6 Rb8 16. a5 Be7 17. Qa4+ Nd7 18. b4 Bf6 19. Rc1 Ke7 20. Qc6 Na8 21. Nxa8
Rxa8 22. Bxa6 1-0

[Event "4NCL Division 3s"]
[Site "Daventry Court ENG"]
[Date "2015.02.14"]
[Round "5.109"]
[White "Towers, Nigel S"]
[Black "Tarr, Steve"]
[Result "0-1"]
[WhiteElo "1834"]
[BlackElo "1759"]
[PlyCount "125"]
[EventDate "2015.02.14"]
[WhiteTeam "e2e4.org.uk 3"]
[BlackTeam "Shropshire"]

1. e4 c5 2. Nf3 d6 3. d4 cxd4 4. Nxd4 Nf6 5. Nc3 g6 6. g3 Bg7 7. Bg2 O-O 8. O-O
Nc6 9. Nde2 Rb8 10. h3 b5 11. a3 a5 12. Nd5 Nd7 13. c3 b4 14. axb4 axb4 15. Qa4
Bb7 16. Be3 bxc3 17. bxc3 Nce5 18. Rfb1 Bc6 19. Rxb8 Nxb8 20. Qa7 Re8 21. Bb6
Qd7 22. Bc7 Bxd5 23. exd5 Qb5 24. Nd4 Qb2 25. Bxb8 Rxb8 26. Nc6 Re8 27. Qa3 Qb5
28. Qa4 Qxa4 29. Rxa4 Kf8 30. Kf1 Nxc6 31. dxc6 Bxc3 32. Ra7 e6 33. Ke2 d5 34.
Kd3 Be5 35. f4 Bd6 36. Rd7 Bc5 37. Rb7 Rc8 38. c7 Bd6 39. Rb6 Ke7 40. Rb7 h5
41. Ke3 Rxc7 42. Rxc7+ Bxc7 43. g4 hxg4 44. hxg4 Bb6+ 45. Kd3 Kd6 46. Bf3 e5
47. fxe5+ Kxe5 48. Bd1 f6 49. Be2 f5 50. gxf5 Kxf5 51. Bf3 d4 52. Be4+ Kg5 53.
Ke2 Kh5 54. Kf3 g5 55. Kg3 Bc7+ 56. Kg2 g4 57. Bd3 Kg5 58. Be2 Kf4 59. Bd1 d3
60. Kf2 g3+ 61. Kg2 Ke3 62. Kf1 Kd2 63. Bf3 0-1

[Event "4NCL Division 3s"]
[Site "Daventry Court ENG"]
[Date "2015.02.14"]
[Round "5.110"]
[White "Peck, Windsor WA"]
[Black "Hewitt, Sean D"]
[Result "0-1"]
[WhiteElo "1788"]
[BlackElo "1861"]
[PlyCount "134"]
[EventDate "2015.02.14"]
[WhiteTeam "Shropshire"]
[BlackTeam "e2e4.org.uk 3"]

1. d4 Nf6 2. Nf3 g6 3. Nc3 Bg7 4. e4 d6 5. Be3 O-O 6. Qd2 a5 7. Bh6 Na6 8. Bxg7
Kxg7 9. h4 c5 10. d5 h5 11. O-O-O Ng4 12. Re1 e5 13. Nd1 Bd7 14. Ne3 Nf6 15.
Nc4 Bg4 16. Kb1 b6 17. Ng5 Nh7 18. f4 Nxg5 19. fxe5 Nh7 20. Nxd6 Nc7 21. Qc3
Kg8 22. Qg3 Qd7 23. Be2 Bxe2 24. Rxe2 Ne8 25. Nc4 Qb5 26. Qb3 Qxb3 27. axb3 b5
28. Nd2 Nc7 29. Rf2 Rae8 30. Nf3 Kg7 31. Kc1 b4 32. c4 bxc3 33. bxc3 Nb5 34.
Kb2 Ra8 35. c4 Nc7 36. Rhf1 Rab8 37. Ra1 Ra8 38. Kc3 Ra7 39. Rfa2 Rfa8 40. Kc2
Na6 41. Kc3 Nb4 42. Rd2 Nf8 43. Ng5 Re8 44. Nf3 Nd7 45. d6 Nc6 46. Rd5 Ncxe5
47. Nxe5 Rxe5 48. Kd3 f6 49. Ke3 Kf7 50. Kf3 Ke6 51. Rd2 Nb8 52. Rad1 Kd7 53.
g4 hxg4+ 54. Kf4 Nc6 55. Rg2 g5+ 56. hxg5 Rxg5 57. Rh1 Kxd6 58. Rh4 Ne5 59.
Rd2+ Ke6 60. Rd5 g3 61. Rh1 g2 62. Rg1 Rag7 63. Ke3 Rg3+ 64. Ke2 Nf3 65. Kf2
Nxg1 66. Kxg1 Rxb3 67. Rd1 Ke5 0-1

[Event "4NCL Division 3s"]
[Site "Daventry Court ENG"]
[Date "2015.02.14"]
[Round "5.115"]
[White "Hall, John"]
[Black "Wallis, Ian"]
[Result "1/2-1/2"]
[WhiteElo "2247"]
[BlackElo "1955"]
[PlyCount "56"]
[EventDate "2015.02.14"]
[WhiteTeam "Leeds University Old Boys"]
[BlackTeam "Anglian Avengers 2"]

1. e4 e5 2. Nf3 Nc6 3. Bb5 a6 4. Ba4 Nge7 5. c3 g6 6. d4 exd4 7. Bg5 Bg7 8.
cxd4 O-O 9. Nc3 h6 10. Bh4 g5 11. Bg3 d6 12. d5 Na5 13. Nd2 c5 14. dxc6 bxc6
15. h4 Rb8 16. Bb3 Ng6 17. hxg5 Nxb3 18. Nxb3 Qxg5 19. Qxd6 Be6 20. Qd2 Qxd2+
21. Kxd2 Rb4 22. Kc2 Rd8 23. Nc5 Bc4 24. Rad1 Rxd1 25. Rxd1 Bxa2 26. Rd8+ Kh7
27. Nd3 Bb3+ 28. Kd2 Rd4 1/2-1/2

[Event "4NCL Division 3s"]
[Site "Daventry Court ENG"]
[Date "2015.02.14"]
[Round "5.116"]
[White "Cook, Michael"]
[Black "Deighton, Simon"]
[Result "1/2-1/2"]
[WhiteElo "1992"]
[BlackElo "2019"]
[PlyCount "34"]
[EventDate "2015.02.14"]
[WhiteTeam "Anglian Avengers 2"]
[BlackTeam "Leeds University Old Boys"]

1. d4 Nf6 2. Nf3 g6 3. Nc3 d5 4. Bf4 c6 5. e3 Bg4 6. Be2 Bxf3 7. Bxf3 Bg7 8.
O-O O-O 9. Qd2 Nbd7 10. Rad1 Re8 11. e4 dxe4 12. Nxe4 Nxe4 13. Bxe4 e5 14. dxe5
Nxe5 15. Qxd8 Raxd8 16. b3 f5 17. Bxe5 Bxe5 1/2-1/2

[Event "4NCL Division 3s"]
[Site "Daventry Court ENG"]
[Date "2015.02.14"]
[Round "5.117"]
[White "Birkin, Mark"]
[Black "Fogg, Martin"]
[Result "0-1"]
[WhiteElo "1950"]
[BlackElo "1927"]
[PlyCount "92"]
[EventDate "2015.02.14"]
[WhiteTeam "Leeds University Old Boys"]
[BlackTeam "Anglian Avengers 2"]

1. e4 c5 2. Nf3 d6 3. g3 Nf6 4. d3 g6 5. Bg2 Bg7 6. O-O O-O 7. c3 Nc6 8. Re1
Bd7 9. d4 cxd4 10. cxd4 Rc8 11. Nc3 Bg4 12. h3 Bxf3 13. Bxf3 Nd7 14. Be3 Nb6
15. b3 Nd7 16. Ne2 Nb4 17. Rc1 Rxc1 18. Nxc1 Qc7 19. Re2 Rc8 20. Bg4 e6 21. Bf4
h5 22. Bf3 Qc3 23. Kg2 Nc2 24. Rd2 Nxd4 25. Rd3 Qb2 26. Ne2 Nxf3 27. Kxf3 Ne5+
28. Bxe5 Bxe5 29. Rd2 Qa3 30. Kg2 Qb4 31. f3 Rc6 32. Kf2 Qc5+ 33. Kg2 Kf8 34.
f4 Bf6 35. Kf1 h4 36. g4 Qe3 37. Rd3 Qxe4 38. Rxd6 Qf3+ 39. Kg1 Qxh3 40. g5
Qe3+ 41. Kg2 h3+ 42. Kh2 Qf3 43. Rd8+ Bxd8 44. Qxd8+ Kg7 45. Qf6+ Kg8 46. Qd8+
Kh7 0-1

[Event "4NCL Division 3s"]
[Site "Daventry Court ENG"]
[Date "2015.02.14"]
[Round "5.118"]
[White "Hall, Antony"]
[Black "Mossong, Hubert"]
[Result "1/2-1/2"]
[WhiteElo "1913"]
[BlackElo "2097"]
[PlyCount "41"]
[EventDate "2015.02.14"]
[WhiteTeam "Anglian Avengers 2"]
[BlackTeam "Leeds University Old Boys"]

1. e4 c5 2. Nf3 Nc6 3. d4 cxd4 4. Nxd4 e5 5. Nb5 d6 6. N1c3 a6 7. Na3 Be6 8.
Nd5 Bxd5 9. Qxd5 Nf6 10. Qd3 d5 11. exd5 Nxd5 12. Bd2 Ndb4 13. Qxd8+ Rxd8 14.
c3 Nd5 15. Nc4 Bc5 16. b4 Ba7 17. a4 O-O 18. Be2 Rfe8 19. O-O e4 20. Rfd1 Kf8
21. Rac1 1/2-1/2

[Event "4NCL Division 3s"]
[Site "Daventry Court ENG"]
[Date "2015.02.14"]
[Round "5.119"]
[White "Taylor, Mark"]
[Black "Lamont, Richard"]
[Result "1/2-1/2"]
[WhiteElo "2068"]
[BlackElo "1894"]
[PlyCount "94"]
[EventDate "2015.02.14"]
[WhiteTeam "Leeds University Old Boys"]
[BlackTeam "Anglian Avengers 2"]

1. d4 Nf6 2. Nc3 d5 3. Bg5 c6 4. e3 Bf5 5. Bd3 Bxd3 6. cxd3 Qb6 7. Qe2 Nbd7 8.
Nf3 e6 9. O-O h6 10. Bh4 Be7 11. Rfc1 Qa6 12. Qd1 b6 13. Rab1 Qb7 14. b4 Ng8
15. Bg3 h5 16. h3 g5 17. Ne5 Nxe5 18. Bxe5 f6 19. Bh2 f5 20. Be5 Nf6 21. e4 g4
22. h4 Rg8 23. exf5 exf5 24. Qe2 Kf7 25. b5 c5 26. dxc5 bxc5 27. Na4 Nd7 28.
Bg3 Rae8 29. Qd2 Rg6 30. Re1 Nf8 31. Re5 Qd7 32. b6 Qxa4 33. b7 Nd7 34. Rxf5+
Kg8 35. b8=Q Nxb8 36. Rxb8 Rxb8 37. Bxb8 Bxh4 38. Rxh5 g3 39. fxg3 Qd4+ 40. Qf2
Bf6 41. Qxd4 Bxd4+ 42. Kf1 Ra6 43. Rxd5 Rxa2 44. Rd8+ Kf7 45. Rd7+ Ke6 46. Rxa7
Rf2+ 47. Ke1 Rxg2 1/2-1/2

[Event "4NCL Division 3s"]
[Site "Daventry Court ENG"]
[Date "2015.02.14"]
[Round "5.120"]
[White "Woodcock, Keith"]
[Black "Bourne, Iain"]
[Result "1/2-1/2"]
[WhiteElo "1659"]
[BlackElo "1889"]
[PlyCount "35"]
[EventDate "2015.02.14"]
[WhiteTeam "Anglian Avengers 2"]
[BlackTeam "Leeds University Old Boys"]

1. d4 c5 2. e4 cxd4 3. c3 g6 4. Qxd4 Nf6 5. Nf3 Nc6 6. Qa4 Bg7 7. Bc4 O-O 8.
Nbd2 d5 9. exd5 Nxd5 10. Bb3 Bf5 11. O-O Nb6 12. Qh4 e5 13. Qg3 Nd7 14. Nc4 Be6
15. Ng5 Bd5 16. Rd1 Bxc4 17. Bxc4 Qe7 18. Nxh7 1/2-1/2

[Event "4NCL Division 3s"]
[Site "Daventry Court ENG"]
[Date "2015.02.14"]
[Round "5.125"]
[White "Willmoth, Rob"]
[Black "Wooldridge, Leon M"]
[Result "1-0"]
[WhiteElo "2137"]
[BlackElo "2085"]
[PlyCount "63"]
[EventDate "2015.02.14"]
[WhiteTeam "Barnet Knights 1"]
[BlackTeam "KJCA Knights"]

1. Nf3 f5 2. b3 d6 3. d4 g6 4. Bb2 Bg7 5. h4 Nc6 6. c4 Nh6 7. Qd2 Ng4 8. d5
Nce5 9. Ng5 f4 10. Nc3 O-O 11. g3 h6 12. gxf4 hxg5 13. hxg5 Nxf2 14. Kxf2 c6
15. Kg3 Nf7 16. e3 e5 17. dxe6 Nxg5 18. Bd3 Qf6 19. Raf1 Qxe6 20. Qe2 Nh7 21.
Kf2 Nf6 22. Ke1 Qg4 23. Qf2 Qe6 24. Kd2 Ng4 25. Qg3 d5 26. Re1 Bh6 27. Kc2 Qf7
28. cxd5 cxd5 29. Nxd5 Qxd5 30. Bc4 Bf5+ 31. e4 Rac8 32. exf5 1-0

[Event "4NCL Division 3s"]
[Site "Daventry Court ENG"]
[Date "2015.02.14"]
[Round "5.126"]
[White "Anilkumar, Anantha P (jnr)"]
[Black "Brozel, Sacha"]
[Result "1/2-1/2"]
[WhiteElo "1889"]
[BlackElo "2016"]
[PlyCount "54"]
[EventDate "2015.02.14"]
[WhiteTeam "KJCA Knights"]
[BlackTeam "Barnet Knights 1"]

1. d4 Nf6 2. c4 e6 3. Nc3 Bb4 4. Nf3 O-O 5. Bg5 h6 6. Bh4 b6 7. e3 Bb7 8. Bd3
d5 9. O-O Nbd7 10. cxd5 exd5 11. Ne5 Be7 12. Bg3 Ne4 13. Nxe4 dxe4 14. Bc4 Nf6
15. Qb3 Bd5 16. Rac1 Rc8 17. Bxd5 Nxd5 18. Nc6 Qd7 19. Qxd5 Bd6 20. Bxd6 cxd6
21. Ne5 Qf5 22. Qxd6 Rcd8 23. Qb4 Rde8 24. Rc7 Re6 25. Re7 Rf6 26. Nd7 Rg6 27.
Nxf8 Rxg2+ 1/2-1/2

[Event "4NCL Division 3s"]
[Site "Daventry Court ENG"]
[Date "2015.02.14"]
[Round "5.127"]
[White "Klingher, Dominic"]
[Black "Green, Michael"]
[Result "0-1"]
[WhiteElo "1838"]
[BlackElo "1869"]
[PlyCount "130"]
[EventDate "2015.02.14"]
[WhiteTeam "Barnet Knights 1"]
[BlackTeam "KJCA Knights"]

1. e4 e6 2. d4 d5 3. Nd2 Nf6 4. e5 Nfd7 5. Bd3 c5 6. c3 Nc6 7. Ne2 cxd4 8. cxd4
f6 9. f4 fxe5 10. dxe5 Qb6 11. Nb3 Bb4+ 12. Bd2 O-O 13. Qc2 h6 14. O-O-O a5 15.
a3 Bxd2+ 16. Nxd2 Nc5 17. Bg6 Bd7 18. Nf3 Ne7 19. Bh7+ Kh8 20. Nc3 Rxf4 21.
Rhf1 Raf8 22. Kb1 d4 23. Ne4 Nxe4 24. Bxe4 Rc8 25. Qe2 Bb5 26. Bd3 Bxd3+ 27.
Qxd3 Rc3 28. Qd2 Nd5 29. Nxd4 Rxf1 30. Rxf1 Rc8 31. Ka1 Rd8 32. g4 Ne7 33. Rf4
Nc6 34. Qf2 Nxd4 35. Ka2 Qb3+ 36. Kb1 Nc6 37. Rf8+ Rxf8 38. Qxf8+ Kh7 39. Qf4
Qd1+ 40. Ka2 Qd5+ 41. b3 Qxe5 42. Qd2 Qe4 43. h3 Nd4 44. Kb2 Qe2 45. Qxe2 Nxe2
46. Kc2 Kg6 47. h4 Nd4+ 48. Kc3 Nf3 49. Kc4 Nxh4 50. Kb5 Kg5 51. Kxa5 Kxg4 52.
Kb6 e5 53. Kxb7 e4 54. a4 e3 55. a5 e2 56. a6 e1=Q 57. a7 Qe7+ 58. Kb8 Qd8+ 59.
Kb7 Qd7+ 60. Kb8 Qe8+ 61. Kb7 Nf5 62. a8=Q Qxa8+ 63. Kxa8 Nd4 64. b4 Kf4 65.
Ka7 g5 0-1

[Event "4NCL Division 3s"]
[Site "Daventry Court ENG"]
[Date "2015.02.14"]
[Round "5.128"]
[White "Hand, Freddie"]
[Black "Karia, Rishul"]
[Result "1/2-1/2"]
[WhiteElo "1747"]
[BlackElo "1640"]
[PlyCount "117"]
[EventDate "2015.02.14"]
[WhiteTeam "KJCA Knights"]
[BlackTeam "Barnet Knights 1"]

1. d4 Nf6 2. c4 g6 3. f3 Bg7 4. e4 d6 5. Nc3 c6 6. Be3 Nbd7 7. Nge2 e5 8. d5 c5
9. Qd2 a6 10. g4 Rb8 11. Ng3 h5 12. g5 Nh7 13. h4 Qa5 14. Kf2 f6 15. Rg1 fxg5
16. Bxg5 Nxg5 17. Qxg5 Nf8 18. Nf5 gxf5 19. Qxg7 Rh7 20. Qf6 Qd8 21. Qxd8+ Kxd8
22. Bh3 f4 23. Bxc8 Kxc8 24. Rg8 Kc7 25. a4 Nd7 26. Rg5 Rhh8 27. Rag1 Rbf8 28.
Rg7 Rd8 29. R1g6 Rb8 30. Ke2 Rbd8 31. a5 Kc8 32. Rxd6 Rhg8 33. Rdg6 Rxg7 34.
Rxg7 b6 35. axb6 Nxb6 36. Kd3 Rd7 37. Rg5 Kc7 38. Rxe5 Rg7 39. Rg5 Rxg5 40.
hxg5 h4 41. Nd1 Nd7 42. e5 Nxe5+ 43. Ke4 Kd6 44. Kxf4 h3 45. Nf2 h2 46. Kf5
Nxc4 47. g6 Ne3+ 48. Kf4 Nxd5+ 49. Kg3 Ne7 50. Kxh2 Nxg6 51. Ne4+ Kd5 52. Kg3
a5 53. Kf2 Kd4 54. Ke2 Nf4+ 55. Kd2 Nd3 56. b3 Ne5 57. Ke2 c4 58. bxc4 Nxc4 59.
Kd1 1/2-1/2

[Event "4NCL Division 3s"]
[Site "Daventry Court ENG"]
[Date "2015.02.14"]
[Round "5.129"]
[White "Hung, Jake"]
[Black "Anilkumar, Anantha P P (snr)"]
[Result "1-0"]
[WhiteElo "1689"]
[BlackElo "1368"]
[PlyCount "55"]
[EventDate "2015.02.14"]
[WhiteTeam "Barnet Knights 1"]
[BlackTeam "KJCA Knights"]

1. c4 Nf6 2. g3 g6 3. Bg2 d5 4. cxd5 Nxd5 5. d4 c6 6. Nc3 Bg7 7. Nf3 O-O 8. O-O
Na6 9. Re1 Re8 10. e4 Nb6 11. Bf4 Bg4 12. e5 e6 13. h3 Bxf3 14. Bxf3 Nd5 15.
Nxd5 cxd5 16. a3 Rc8 17. Qb3 Qd7 18. Be2 Qc7 19. Rac1 Qb6 20. Qxb6 axb6 21. Rc3
Rxc3 22. bxc3 Nc7 23. Rb1 Ra8 24. Rxb6 Rxa3 25. Rxb7 Rxc3 26. Rb8+ Bf8 27. Bh6
Rc1+ 28. Kg2 1-0

[Event "4NCL Division 3s"]
[Site "Daventry Court ENG"]
[Date "2015.02.14"]
[Round "5.130"]
[White "Green, Emily"]
[Black "Pollack, Oscar"]
[Result "0-1"]
[WhiteElo "1605"]
[BlackElo "1793"]
[PlyCount "174"]
[EventDate "2015.02.14"]
[WhiteTeam "KJCA Knights"]
[BlackTeam "Barnet Knights 1"]

1. e4 e6 2. d4 d5 3. Nc3 Bb4 4. e5 Ne7 5. a3 Bxc3+ 6. bxc3 c5 7. Nf3 Nbc6 8.
Bd3 Bd7 9. Be3 c4 10. Be2 b5 11. O-O a5 12. Qd2 O-O 13. Rab1 Qc7 14. Rxb5 Nxe5
15. Rc5 Nxf3+ 16. Bxf3 Qb6 17. Qc1 Rfc8 18. Qa1 Rab8 19. Rxc8+ Nxc8 20. Bf4 Rb7
21. h3 h6 22. Rc1 Nd6 23. Kf1 Nf5 24. Bg4 g5 25. Be5 Qb2 26. Qxb2 Rxb2 27. Bc7
a4 28. Bxf5 exf5 29. Bd6 f4 30. Ke1 f3 31. g4 f5 32. h4 fxg4 33. hxg5 h5 34.
Kd2 Bf5 35. Bg3 Ra2 36. Bd6 h4 37. Ke3 Bxc2 38. Rh1 g3 39. fxg3 f2 40. Rf1 hxg3
41. Bxg3 Bd3 42. Rxf2 Rxa3 43. Kd2 Rb3 44. Rh2 a3 45. Rh6 Rb2+ 46. Ke3 Rc2 47.
Ra6 Rxc3 48. Kf4 Rb3 49. Ra8+ Kg7 50. Kg4 Be2+ 51. Kh4 c3 52. Be5+ Kg6 53. Rg8+
Kf7 54. Rg7+ Kf8 55. Ra7 c2 56. Bd6+ Kg8 57. Ra8+ Kg7 58. Bf4 Rb1 59. Rxa3 c1=Q
60. Bxc1 Rxc1 61. Ra2 Bc4 62. Rd2 Kg6 63. Rg2 Rd1 64. Rg4 Rh1+ 65. Kg3 Rg1+ 66.
Kf4 Rxg4+ 67. Kxg4 Bd3 68. Kf4 Be4 69. Kg4 Kg7 70. Kf4 Kf7 71. Ke5 Kg6 72. Kf4
Kh5 73. g6 Kxg6 74. Kg4 Kf7 75. Kf4 Ke6 76. Ke3 Kf5 77. Ke2 Kf4 78. Kd2 Kf3 79.
Kc3 Ke3 80. Kb2 Kxd4 81. Kc1 Kc3 82. Kd1 d4 83. Ke2 d3+ 84. Kd1 Bf3+ 85. Ke1
d2+ 86. Kf2 d1=Q 87. Ke3 Qd4+ 0-1

[Event "4NCL Division 3s"]
[Site "Daventry Court ENG"]
[Date "2015.02.14"]
[Round "5.135"]
[White "Swanson, Stephen"]
[Black "Carpenter, Dai"]
[Result "1-0"]
[WhiteElo "2201"]
[BlackElo "1972"]
[PlyCount "211"]
[EventDate "2015.02.14"]
[WhiteTeam "Poisoned Pawns"]
[BlackTeam "West is Best 2"]

1. g3 g6 2. Bg2 Bg7 3. e4 e5 4. Ne2 d6 5. c3 Nf6 6. O-O O-O 7. d3 Nc6 8. h3 d5
9. Qc2 Be6 10. Nd2 Qd7 11. Kh2 Rad8 12. b3 dxe4 13. dxe4 Qd3 14. Qxd3 Rxd3 15.
Re1 Bh6 16. Nf1 Bxc1 17. Raxc1 Rfd8 18. Ng1 g5 19. Bf3 h5 20. Be2 R3d7 21. Bb5
Rd6 22. Bxc6 Rxc6 23. Nf3 Ra6 24. Rc2 Bxh3 25. Kxh3 g4+ 26. Kg2 gxf3+ 27. Kxf3
Ng4 28. Kg2 Rd3 29. f3 Nf6 30. Ne3 Rad6 31. Ree2 Kf8 32. Nc4 Re6 33. Red2 Rd7
34. Kf2 Ke7 35. Ne3 Kf8 36. Nf5 Rc6 37. c4 Rxd2+ 38. Rxd2 Ra6 39. Ke3 Ke8 40.
Rh2 Kd7 41. Kd3 Kc6 42. Kc3 b5 43. cxb5+ Kxb5 44. a4+ Ka5 45. Ne3 Re6 46. Rd2
Ka6 47. Rd8 Re8 48. Rd2 Rg8 49. Nf5 Kb7 50. Kc4 Rh8 51. b4 Rg8 52. b5 Rh8 53.
Kc5 Rg8 54. Rd3 Re8 55. Rd2 Rg8 56. a5 Re8 57. Kb4 Kb8 58. Rd3 Kb7 59. Rc3 Re6
60. Rc2 Kb8 61. Rd2 Kc8 62. Rd3 Re8 63. Rc3 Re6 64. Rc6 Kd7 65. Ra6 Rxa6 66.
bxa6 Ne8 67. Kc5 c6 68. Nh6 f6 69. Nf5 Nc7 70. Ng7 Nxa6+ 71. Kc4 Kd6 72. Nxh5
Ke6 73. Ng7+ Kd7 74. Nf5 Nc7 75. Ne3 Ne6 76. Nf1 Nd4 77. f4 Ke6 78. a6 f5 79.
exf5+ Kxf5 80. fxe5 Kxe5 81. Kc5 Ke4 82. g4 Ne6+ 83. Kxc6 Kf4 84. Nh2 Kg3 85.
Kb7 Kxh2 86. Kxa7 Kg3 87. Kb6 Nf4 88. a7 Nd5+ 89. Kb7 Kxg4 90. a8=Q Kf4 91. Kc6
Ne7+ 92. Kd7 Nf5 93. Qg2 Ne3 94. Qf2+ Ke4 95. Ke6 Kd4 96. Qh4+ Kd3 97. Qf4 Nc4
98. Kd5 Ne3+ 99. Kc5 Nc2 100. Qf1+ Kc3 101. Qd1 Kb2 102. Qd3 Na1 103. Kc4 Nc2
104. Qd2 Kb1 105. Kc3 Ka1 106. Qc1+ 1-0

[Event "4NCL Division 3s"]
[Site "Daventry Court ENG"]
[Date "2015.02.14"]
[Round "5.137"]
[White "Goodger, Martyn"]
[Black "Dydak, Mat"]
[Result "1/2-1/2"]
[WhiteElo "2095"]
[BlackElo "1872"]
[PlyCount "52"]
[EventDate "2015.02.14"]
[WhiteTeam "Poisoned Pawns"]
[BlackTeam "West is Best 2"]

1. d4 f5 2. Bf4 Nf6 3. h3 d6 4. Nc3 g6 5. g4 fxg4 6. e4 Bg7 7. hxg4 Nxg4 8. Bh3
e5 9. Bxg4 exf4 10. Bxc8 Qxc8 11. Nd5 Nc6 12. c3 Qd7 13. Nh3 O-O-O 14. Nhxf4
Rde8 15. f3 Ne7 16. Qd3 Nxd5 17. Nxd5 c6 18. Ne3 Qf7 19. O-O Qf4 20. Ng2 Qg3
21. Qd2 Ref8 22. Qf2 Qh3 23. Qh4 Qxh4 24. Nxh4 Bh6 25. Ng2 Bf4 26. Rae1 g5
1/2-1/2

[Event "4NCL Division 3s"]
[Site "Daventry Court ENG"]
[Date "2015.02.14"]
[Round "5.139"]
[White "McCorry, Robert T"]
[Black "Griffiths, Hywel"]
[Result "1-0"]
[WhiteElo "2050"]
[BlackElo "1792"]
[PlyCount "87"]
[EventDate "2015.02.14"]
[WhiteTeam "Poisoned Pawns"]
[BlackTeam "West is Best 2"]

1. Nf3 Nf6 2. c4 g6 3. g3 Bg7 4. Bg2 O-O 5. O-O d6 6. d4 Nbd7 7. Nc3 c5 8. b3
cxd4 9. Nxd4 Nb6 10. Bb2 e6 11. Ndb5 Ne8 12. c5 a6 13. Nxd6 Nxd6 14. Qxd6 Qxd6
15. cxd6 Be5 16. Na4 Bxb2 17. Nxb2 Rb8 18. Rac1 Bd7 19. Rc7 Bb5 20. Bxb7 Rfd8
21. Rd1 Bxe2 22. Rd2 Bb5 23. a4 Be8 24. Nc4 Nxc4 25. bxc4 Bxa4 26. Bxa6 Rb6 27.
Rc8 Rb8 28. Rxd8+ Rxd8 29. Bb7 Rd7 30. Bf3 f5 31. c5 Kf7 32. c6 Bxc6 33. Bxc6
Rd8 34. Kg2 e5 35. Bd5+ Kf6 36. Bb3 e4 37. Ba4 g5 38. Kf1 f4 39. Ke2 h5 40. d7
fxg3 41. fxg3 h4 42. Rc2 hxg3 43. hxg3 Rh8 44. Rc8 1-0